| 000 | 01458cam a22004214a 4500 | ||
|---|---|---|---|
| 001 | muse84892 | ||
| 003 | MdBmJHUP | ||
| 005 | 20210127151625.0 | ||
| 006 | m o d | ||
| 007 | cr||||||||nn|n | ||
| 008 | 130222s2012 mx o 00 0 spa d | ||
| 010 | _z 2012461972 | ||
| 020 | _a9786075640082 | ||
| 020 | _z9786074623734 | ||
| 020 | _z6074623732 | ||
| 035 | _a(OCoLC)1056106362 | ||
| 040 |
_aMdBmJHUP _cMdBmJHUP |
||
| 050 | 0 | 4 |
_aF1233 _b.I58 2012 |
| 245 | 0 | 3 |
_aLa intervención francesa en la revista Historia Mexicana _cErika Pani, compiladora. |
| 250 | _aPrimera edición. | ||
| 264 | 1 | _bEl Colegio de Mexico, | |
| 264 | 3 | _bProject MUSE, | |
| 300 |
_a1 online resource (574 pages) : _billustrations ; |
||
| 504 | _aIncludes bibliographical references (pages 560-562) and index. | ||
| 506 | 0 |
_aOpen Access _fUnrestricted online access _2star |
|
| 588 | _aDescription based on print version record. | ||
| 651 | 0 |
_aMexico _xHistory _yEuropean intervention, 1861-1867. |
|
| 630 | 0 | 0 | _aHistoria mexicana. |
| 655 | 7 |
_aElectronic books. _2local |
|
| 700 | 1 | _aPani, Erika. | |
| 710 | 2 |
_aProject Muse. _edistributor |
|
| 830 | 0 | _aBook collections on Project MUSE. | |
| 856 | 4 | 0 |
_zFull text available: _uhttps://muse.jhu.edu/book/74629/ |
| 999 |
_c26437 _d26437 |
||